000 01415nam a2200241Ia 4500
999 _c50623
_d50623
001 17573
003 GE_BSU
005 20200220103344.0
008 181216s2015 xx |||||||||||||| ||geo||
020 _a9789941462214
040 _cGE_BSU
041 _ageo
080 _a821.353.31-84+811.353.31'374.81 მ-55
100 _aმემიშიში, ომარ.
_97191
245 _aლაზური ანდაზები და იდიომები /
_cომარ მემიშიში ; რედ. მამია ფაღავა.
264 _aბათუმი. :
_bშოთა რუსთაველის უნიტის გამ-ბა,
_c2015.
300 _a178 გვ;
_c 20 სმ.
653 _aლაზური ანდაზები და იდიომები
653 _aფილოლოგია
653 _aწიგნში შეტანილია ავტორის მიერ შეგროვებული ლაზური ანდაზები და იდიომები გამოთქმები.წიგნი კარგ სამსახურს გაუწევს ქართველური ენებით დაინტერესებულ მკვლევარებს.
700 _aმემიშიში, ომარ
_eრედაქტორი
_97192
942 _cBK
_2udc